[Event "29. Torneo San Viator 2017"]
[Site "Madrid ESP"]
[Date "2017.09.17"]
[Round "1.1"]
[White "Barahona Torrijos, Angel"]
[Black "Quispe Arteaga, Gabriel"]
[Result "0-1"]
[WhiteElo "1855"]
[BlackElo "2197"]
[PlyCount "66"]
[EventDate "2017.09.17"]
[EventType "swiss"]
[EventRounds "9"]
[EventCountry "ESP"]
[SourceTitle "Ajedrez en Madrid"]
[Source "lmi"]
[SourceDate "2017.09.17"]

1. e4 c5 2. a3 Nc6 3. b4 e6 4. b5 Na5 5. Bb2 d5 6. e5 b6 7. Nf3 Qc7 8. d3 Ne7
9. Nbd2 Ng6 10. d4 c4 11. Bc3 Bd7 12. Qb1 a6 13. bxa6 Nc6 14. h4 h5 15. Bb4
Rxa6 16. c3 Be7 17. Ng5 Nxb4 18. cxb4 Nxh4 19. Rxh4 Bxg5 20. Rh3 Ra8 21. Rc3
O-O 22. Be2 Qd8 23. Rh3 f5 24. Bxh5 Bxd2+ 25. Kxd2 Qg5+ 26. Ke2 c3 27. Qd3 c2
28. Qxc2 Bb5+ 29. Kf3 Rfc8 30. Qb3 Qd2 31. g4 Rc3+ 32. Qxc3 Qxc3+ 33. Kg2 Qxa1
0-1

[Event "29. Torneo San Viator 2017"]
[Site "Madrid ESP"]
[Date "2017.09.17"]
[Round "1.2"]
[White "Iagar, Razvan-Gabriel"]
[Black "Garcia Martin, Esteban"]
[Result "1-0"]
[WhiteElo "2163"]
[BlackElo "1854"]
[PlyCount "63"]
[EventDate "2017.09.17"]
[EventType "swiss"]
[EventRounds "9"]
[EventCountry "ESP"]
[SourceTitle "Ajedrez en Madrid"]
[Source "lmi"]
[SourceDate "2017.09.17"]

1. d4 Nf6 2. Nf3 g6 3. c4 Bg7 4. Nc3 O-O 5. g3 d6 6. Bg2 Nbd7 7. O-O e5 8. e4
exd4 9. Nxd4 Re8 10. Re1 a6 11. h3 Rb8 12. Be3 Ne5 13. b3 c5 14. Nc2 b5 15. f4
Ned7 16. Qxd6 Nh5 17. e5 Nxg3 18. Rad1 bxc4 19. Qxb8 Nxb8 20. Rxd8 Rxd8 21.
bxc4 Bf5 22. Na1 Rd3 23. Nd5 Nd7 24. Nb3 g5 25. Kh2 Rxe3 26. Rxe3 gxf4 27. Nxf4
Bxe5 28. Kxg3 Bd6 29. Be4 Bg6 30. Bxg6 hxg6 31. Rd3 Nf6 32. Kf3 1-0

[Event "29. Torneo San Viator 2017"]
[Site "Madrid ESP"]
[Date "2017.09.17"]
[Round "1.3"]
[White "Lopez Ziegler, Carlos"]
[Black "Arauz Alonso, Fernando"]
[Result "1/2-1/2"]
[WhiteElo "1852"]
[BlackElo "2140"]
[PlyCount "100"]
[EventDate "2017.09.17"]
[EventType "swiss"]
[EventRounds "9"]
[EventCountry "ESP"]
[SourceTitle "Ajedrez en Madrid"]
[Source "lmi"]
[SourceDate "2017.09.17"]

1. e4 c6 2. d4 d5 3. e5 Bf5 4. h4 h5 5. Bg5 Qb6 6. Bd3 Bxd3 7. Qxd3 e6 8. Nd2
Qa6 9. c4 Bb4 10. b3 Nd7 11. Ngf3 Ne7 12. O-O f6 13. exf6 gxf6 14. Bf4 Kf7 15.
Rfe1 Rad8 16. a3 Bxd2 17. Bxd2 c5 18. Be3 Nf5 19. Rad1 dxc4 20. Qxc4 Qxc4 21.
bxc4 cxd4 22. Bxd4 b6 23. Ng5+ Kg6 24. Nxe6 Rde8 25. Nf4+ Kf7 26. Rxe8 Rxe8 27.
g3 Nxd4 28. Rxd4 Ne5 29. Kg2 Rc8 30. Nxh5 Rxc4 31. Rd6 Ra4 32. Rxf6+ Ke7 33.
Rf4 Rxa3 34. g4 Ng6 35. Re4+ Kf7 36. g5 b5 37. f4 Nxh4+ 38. Kf2 a5 39. Nf6 b4
40. Nd5 b3 41. Re7+ Kf8 42. Rb7 Ra2+ 43. Kg3 Nf5+ 44. Kg4 Nd4 45. g6 Rg2+ 46.
Kh5 b2 47. Nf6 Rh2+ 48. Kg4 Rg2+ 49. Kh5 Rh2+ 50. Kg4 Rg2+ 1/2-1/2

[Event "29. Torneo San Viator 2017"]
[Site "Madrid ESP"]
[Date "2017.09.17"]
[Round "1.4"]
[White "Bustos Bernardo, Samuel"]
[Black "Gonzalez-Ruano Perez, Cesar"]
[Result "1-0"]
[WhiteElo "2096"]
[BlackElo "1848"]
[PlyCount "79"]
[EventDate "2017.09.17"]
[EventType "swiss"]
[EventRounds "9"]
[EventCountry "ESP"]
[SourceTitle "Ajedrez en Madrid"]
[Source "lmi"]
[SourceDate "2017.09.17"]

1. Nf3 e6 2. c4 f5 3. Nc3 Nf6 4. g3 d6 5. d4 Be7 6. Bg2 Ne4 7. Qc2 Nxc3 8. Qxc3
O-O 9. O-O Nd7 10. Re1 Nf6 11. Nd2 d5 12. f3 c5 13. e3 Qc7 14. b3 Rd8 15. Bb2
cxd4 16. exd4 dxc4 17. Qxc4 Qa5 18. Bc3 Qa3 19. Qd3 Nd5 20. Nc4 Qa6 21. Ba5 b6
22. Bd2 Rb8 23. f4 Nb4 24. Bxb4 Bxb4 25. Re5 b5 26. Nd2 Qb6 27. Nf3 a6 28. Kh1
Bb7 29. Rd1 Be4 30. Rxe4 fxe4 31. Qxe4 Be7 32. f5 Rd6 33. d5 Rbd8 34. fxe6 Rxe6
35. Qc2 Rh6 36. Nd4 g6 37. Nc6 Qc7 38. Qe2 Qxg3 39. Nxe7+ Kh8 40. Qb2+ 1-0

[Event "29. Torneo San Viator 2017"]
[Site "Madrid ESP"]
[Date "2017.09.17"]
[Round "1.5"]
[White "Muñoz Cebey, Ricardo"]
[Black "Robles Diaz, Jose Alberto"]
[Result "0-1"]
[WhiteElo "1847"]
[BlackElo "2096"]
[PlyCount "62"]
[EventDate "2017.09.17"]
[EventType "swiss"]
[EventRounds "9"]
[EventCountry "ESP"]
[SourceTitle "Ajedrez en Madrid"]
[Source "lmi"]
[SourceDate "2017.09.17"]

1. c4 Nf6 2. Nf3 g6 3. g3 Bg7 4. Bg2 O-O 5. O-O Nc6 6. Nc3 d6 7. d3 e5 8. Rb1
a5 9. a3 Re8 10. b4 axb4 11. axb4 d5 12. b5 Nb8 13. Qb3 d4 14. Na4 Nbd7 15. Bb2
e4 16. Nxd4 exd3 17. exd3 Ng4 18. Nf3 Nde5 19. Nxe5 Nxe5 20. d4 Ng4 21. d5 Ne5
22. f4 Ng4 23. Bxg7 Kxg7 24. Rfe1 Bf5 25. Rbc1 Qf6 26. h3 Qd4+ 27. Kh1 Nf2+ 28.
Kh2 Nd3 29. Rxe8 Nxc1 30. Qa3 Rxe8 31. Qxc1 Re2 0-1

[Event "29. Torneo San Viator 2017"]
[Site "Madrid ESP"]
[Date "2017.09.17"]
[Round "1.6"]
[White "Perdomo Araujo, Angel Eduardo"]
[Black "Cid Garcia, Ramon"]
[Result "1/2-1/2"]
[WhiteElo "2052"]
[BlackElo "1844"]
[PlyCount "134"]
[EventDate "2017.09.17"]
[EventType "swiss"]
[EventRounds "9"]
[EventCountry "ESP"]
[SourceTitle "Ajedrez en Madrid"]
[Source "lmi"]
[SourceDate "2017.09.17"]

1. e4 c5 2. Na3 Nc6 3. c3 Nf6 4. Qe2 e5 5. d3 Be7 6. f4 d5 7. Nf3 dxe4 8. dxe4
Bg4 9. h3 Bxf3 10. Qxf3 exf4 11. Bxf4 O-O 12. Rd1 Qc8 13. Bc4 a6 14. O-O b5 15.
Bd5 Nxd5 16. exd5 Na5 17. Be5 b4 18. d6 Bd8 19. Nb1 Bb6 20. Qg3 g6 21. Qh4 Bd8
22. Qh6 f6 23. d7 Qc6 24. Bd6 Rf7 25. Rfe1 Bb6 26. Be7 Nb7 27. c4 Bd8 28. Bxd8
Rxd8 29. Qf4 Rfxd7 30. Rxd7 Qxd7 31. Qxf6 Qd4+ 32. Qxd4 Rxd4 33. b3 Kf7 34. Kf2
a5 35. Re2 a4 36. Nd2 Na5 37. Ke3 axb3 38. axb3 Rd7 39. Rf2+ Ke7 40. Rf4 Ke6
41. Rf8 Kd6 42. Ra8 Nb7 43. Ne4+ Kc7 44. Kf4 Rf7+ 45. Ke5 Re7+ 46. Kd5 Rd7+ 47.
Ke5 Re7+ 48. Kf4 Rf7+ 49. Ke5 Re7+ 50. Kd5 Rd7+ 51. Ke6 Nd8+ 52. Kf6 Rf7+ 53.
Kg5 Nb7 54. Nf6 Nd6 55. Nd5+ Kb7 56. Rh8 Rf5+ 57. Kh4 Rxd5 58. Rxh7+ Kb6 59.
cxd5 c4 60. bxc4 b3 61. c5+ Kxc5 62. Rc7+ Kxd5 63. Rc1 Ne4 64. g4 Kd4 65. g5 b2
66. Rb1 Kc3 67. Kg4 Nf2+ 1/2-1/2

[Event "29. Torneo San Viator 2017"]
[Site "Madrid ESP"]
[Date "2017.09.17"]
[Round "1.8"]
[White "Lopez Moreno, Jesus"]
[Black "Rodriguez Valero, Martin"]
[Result "0-1"]
[WhiteElo "2043"]
[BlackElo "1835"]
[PlyCount "100"]
[EventDate "2017.09.17"]
[EventType "swiss"]
[EventRounds "9"]
[EventCountry "ESP"]
[SourceTitle "Ajedrez en Madrid"]
[Source "lmi"]
[SourceDate "2017.09.17"]

1. d4 Nf6 2. c4 e6 3. Nc3 Bb4 4. Qc2 b6 5. e4 c5 6. d5 Qe7 7. d6 Qxd6 8. Bd2
Nc6 9. Nf3 Nd4 10. Nxd4 cxd4 11. Nb5 Bxd2+ 12. Qxd2 Qc5 13. b4 Qe5 14. Bd3 O-O
15. f4 Qh5 16. e5 Ne8 17. Be4 Rb8 18. Nxa7 Bb7 19. Bxb7 Rxb7 20. Nb5 f6 21.
exf6 Nxf6 22. Qxd4 d5 23. Nd6 Ra7 24. O-O dxc4 25. Qxc4 Nd5 26. f5 Rc7 27. Qe4
Nf6 28. Qxe6+ Kh8 29. Rac1 Rd7 30. Rc3 Rfd8 31. Rd3 Ra8 32. a3 h6 33. Rh3 Qg4
34. Nf7+ Kh7 35. Kh1 Re8 36. Qb3 Qxf5 37. Rhf3 Qg6 38. Nxh6 gxh6 39. Qa4 Rde7
40. Qc6 Re6 41. Qc7+ R8e7 42. Qc1 Re2 43. Rg3 Qe4 44. h3 Re1 45. Qxe1 Qxe1 46.
Rxe1 Rxe1+ 47. Kh2 Re4 48. Rc3 Nd5 49. Rd3 Re5 50. Rg3 b5 0-1

[Event "29. Torneo San Viator 2017"]
[Site "Madrid ESP"]
[Date "2017.09.17"]
[Round "1.9"]
[White "Cano Mercado, Francisco Manuel"]
[Black "Garcia Galeote, Lorenzo"]
[Result "0-1"]
[WhiteElo "1823"]
[BlackElo "1989"]
[PlyCount "106"]
[EventDate "2017.09.17"]
[EventType "swiss"]
[EventRounds "9"]
[EventCountry "ESP"]
[SourceTitle "Ajedrez en Madrid"]
[Source "lmi"]
[SourceDate "2017.09.17"]

1. d4 Nf6 2. Nf3 d5 3. Bf4 c5 4. c3 Nc6 5. e3 Nh5 6. Bg3 Nxg3 7. hxg3 cxd4 8.
exd4 Bg4 9. Nbd2 e6 10. Qb3 Qc7 11. Bd3 g6 12. O-O-O O-O-O 13. Kb1 e5 14. dxe5
Nxe5 15. Bc2 d4 16. cxd4 Be6 17. Qc3 Nc6 18. a3 Bg7 19. Nb3 Bd5 20. Rhe1 Rd6
21. Re2 Rhd8 22. Rde1 Bxf3 23. gxf3 Bxd4 24. Nxd4 Nxd4 25. Qxc7+ Kxc7 26. Re7+
R8d7 27. Rxd7+ Kxd7 28. Be4 b6 29. f4 Re6 30. f3 f5 31. Rd1 Rd6 32. Ba8 Ne2 33.
Rh1 h5 34. g4 fxg4 35. fxg4 hxg4 36. Rh4 Rd1+ 37. Kc2 Rg1 38. Rh7+ Kd6 39. Rf7
Ke6 40. Rf8 Ke7 41. Rg8 Nxf4 42. Be4 Kf7 43. Ra8 a5 44. Rb8 Re1 45. Bc6 g3 46.
Rxb6 g2 47. Bxg2 Re2+ 48. Kd1 Rxg2 49. b4 axb4 50. axb4 Rb2 51. b5 Nd5 52. Rb7+
Kf6 53. Rb8 Nc3+ 0-1

[Event "29. Torneo San Viator 2017"]
[Site "Madrid ESP"]
[Date "2017.09.17"]
[Round "1.10"]
[White "Luque Ibañes, Manuel"]
[Black "Sanz Toledano, Alfonso"]
[Result "1/2-1/2"]
[WhiteElo "1987"]
[BlackElo "1818"]
[PlyCount "68"]
[EventDate "2017.09.17"]
[EventType "swiss"]
[EventRounds "9"]
[EventCountry "ESP"]
[SourceTitle "Ajedrez en Madrid"]
[Source "lmi"]
[SourceDate "2017.09.17"]

1. e4 c6 2. d4 d5 3. exd5 cxd5 4. c4 Nf6 5. Nf3 g6 6. Nc3 Bg7 7. Qb3 O-O 8.
cxd5 Nbd7 9. Bc4 Nb6 10. O-O Nxc4 11. Qxc4 Bd7 12. Re1 e6 13. Qb3 Qc7 14. Bg5
Rfe8 15. Rac1 exd5 16. Ne5 Bc6 17. Bxf6 Bxf6 18. Nxd5 Qd6 19. Nxf6+ Qxf6 20.
Qc4 Rac8 21. h3 Kg7 22. Nxc6 Rxe1+ 23. Rxe1 Rxc6 24. Qd3 Rd6 25. Rd1 Qe6 26. b3
Qd5 27. Qc4 Qh5 28. Qd3 Qd5 29. Rd2 Rc6 30. Qe2 Re6 31. Qf3 Qd6 32. g3 Qb4 33.
Re2 Rxe2 34. Qxe2 Qxd4 1/2-1/2

[Event "29. Torneo San Viator 2017"]
[Site "Madrid ESP"]
[Date "2017.09.17"]
[Round "1.11"]
[White "Mihalcea, George Andrei"]
[Black "Lobato Rivero, Carlos"]
[Result "0-1"]
[WhiteElo "1777"]
[BlackElo "1971"]
[PlyCount "143"]
[EventDate "2017.09.17"]
[EventType "swiss"]
[EventRounds "9"]
[EventCountry "ESP"]
[SourceTitle "Ajedrez en Madrid"]
[Source "lmi"]
[SourceDate "2017.09.17"]

1. d4 c6 2. c3 d5 3. Bf4 e6 4. e3 Bd6 5. Bg3 Nf6 6. Nd2 O-O 7. Bd3 Qc7 8. f4 b6
9. Ngf3 Ba6 10. Bxa6 Nxa6 11. Qc2 c5 12. Qd3 c4 13. Qc2 b5 14. a3 Nb8 15. O-O
Nc6 16. Ne5 a5 17. Bh4 Nd7 18. Kh1 f6 19. Nef3 Rae8 20. h3 h6 21. Bg3 e5 22.
dxe5 fxe5 23. fxe5 Ncxe5 24. Nd4 Qb6 25. e4 Nf6 26. exd5 Nxd5 27. Rxf8+ Rxf8
28. Bxe5 Bxe5 29. Qe4 Qd6 30. Nf5 Rxf5 31. Qxf5 Nf4 32. Ne4 Qd5 33. Re1 Nd3 34.
Rf1 Nxb2 35. Nf2 Nd3 36. Ng4 Qd6 37. Nxe5 Nxe5 38. Re1 Nd7 39. Qxb5 Qd2 40.
Qxc4+ Kh7 41. Qe4+ Kh8 42. c4 Nf6 43. Qe2 Qc3 44. Rd1 Qxa3 45. Rd8+ Ng8 46. Qc2
Qa1+ 47. Kh2 Qe5+ 48. g3 Qc5 49. Rd5 Qc7 50. Qc3 a4 51. Ra5 Qe7 52. Rxa4 Qe2+
53. Kg1 Qd1+ 54. Kh2 Qe2+ 55. Kg1 Qd1+ 56. Kh2 Qxa4 57. c5 Qc6 58. Qb4 Ne7 59.
Qb8+ Kh7 60. Qb3 Qxc5 61. Qd3+ Qf5 62. Qd6 Nd5 63. h4 Nf6 64. Qd2 Ng4+ 65. Kg2
Qe4+ 66. Kh3 h5 67. Qc1 Ne3 68. Qg1 Qf5+ 69. Kh2 Ng4+ 70. Kg2 Qe4+ 71. Kh3 Qc2
72. Qf2 0-1

[Event "29. Torneo San Viator 2017"]
[Site "Madrid ESP"]
[Date "2017.09.17"]
[Round "1.13"]
[White "Jimenez Elices, Jose Maria"]
[Black "Rodriguez Bittar, Karim Javier"]
[Result "0-1"]
[WhiteElo "1766"]
[BlackElo "1934"]
[PlyCount "76"]
[EventDate "2017.09.17"]
[EventType "swiss"]
[EventRounds "9"]
[EventCountry "ESP"]
[SourceTitle "Ajedrez en Madrid"]
[Source "lmi"]
[SourceDate "2017.09.17"]

1. e4 e5 2. Nf3 Nc6 3. Bb5 f5 4. d3 fxe4 5. dxe4 Nf6 6. O-O Bc5 7. Bg5 d6 8.
Nc3 a6 9. Bc4 Bg4 10. Qd3 h6 11. Be3 Bxf3 12. gxf3 Nd4 13. Bxd4 Bxd4 14. Ne2
Nh5 15. f4 Qh4 16. Qf3 O-O-O 17. Be6+ Kb8 18. Bf5 Bb6 19. Rad1 g5 20. Kh1 g4
21. Qg2 Nxf4 22. Nxf4 exf4 23. f3 h5 24. c3 Be3 25. Rd3 Qg5 26. Rxe3 fxe3 27.
f4 Qh4 28. Rg1 c6 29. Qg3 Qxg3 30. Rxg3 d5 31. e5 e2 32. Re3 d4 33. cxd4 Rxd4
34. Rxe2 Rxf4 35. e6 Re8 36. e7 Kc7 37. Kg2 b5 38. a3 c5 0-1

[Event "29. Torneo San Viator 2017"]
[Site "Madrid ESP"]
[Date "2017.09.17"]
[Round "1.14"]
[White "Gil Sierra, Jacinto"]
[Black "Lopez Nuñez, Roberto"]
[Result "1-0"]
[WhiteElo "1920"]
[BlackElo "1766"]
[PlyCount "49"]
[EventDate "2017.09.17"]
[EventType "swiss"]
[EventRounds "9"]
[EventCountry "ESP"]
[SourceTitle "Ajedrez en Madrid"]
[Source "lmi"]
[SourceDate "2017.09.17"]

1. e4 e6 2. d4 d5 3. Nc3 Bb4 4. e5 c5 5. Qg4 Kf8 6. Nf3 Qa5 7. Bd2 Nh6 8. Qf4
Nf5 9. dxc5 Nc6 10. Bd3 Qxc5 11. O-O Bxc3 12. Bxc3 d4 13. Bd2 h6 14. Rfe1 Bd7
15. b4 Nxb4 16. Bxb4 Qxb4 17. Bxf5 exf5 18. Nxd4 Qc4 19. e6 fxe6 20. Qd6+ Ke8
21. Nxf5 Kd8 22. Rad1 Qc6 23. Qe7+ Kc8 24. Nd4 Re8 25. Nxc6 1-0

[Event "29. Torneo San Viator 2017"]
[Site "Madrid ESP"]
[Date "2017.09.17"]
[Round "1.15"]
[White "Recuenco Andres, Javier"]
[Black "Fernandez Estremera, Fernando"]
[Result "1/2-1/2"]
[WhiteElo "1904"]
[BlackElo "1721"]
[PlyCount "145"]
[EventDate "2017.09.17"]
[EventType "swiss"]
[EventRounds "9"]
[EventCountry "ESP"]
[SourceTitle "Ajedrez en Madrid"]
[Source "lmi"]
[SourceDate "2017.09.17"]

1. c4 Nf6 2. g3 e6 3. Bg2 Nc6 4. Nc3 b6 5. Nf3 Bb7 6. O-O Bb4 7. a3 Bxc3 8.
dxc3 Na5 9. Nd2 Bxg2 10. Kxg2 d5 11. Qa4+ Qd7 12. Qxd7+ Kxd7 13. cxd5 Nxd5 14.
c4 Nf6 15. b4 Nb7 16. Bb2 Ke7 17. Rfd1 Rhd8 18. Nf3 Rxd1 19. Rxd1 c5 20. Ne5
cxb4 21. Nc6+ Ke8 22. axb4 Rc8 23. b5 Na5 24. Nxa5 bxa5 25. Ra1 Rxc4 26. Rxa5
Rc7 27. Bd4 Rb7 28. Bxa7 Nd7 29. f4 Ke7 30. Bd4 g6 31. e4 Kd6 32. Ra6+ Kc7 33.
Rc6+ Kd8 34. b6 Nb8 35. Rd6+ Ke7 36. Bc5 Nd7 37. Bb4 Kf6 38. e5+ Kf5 39. Kf3 g5
40. g4+ Kg6 41. f5+ Kg7 42. fxe6 fxe6 43. Rxe6 Nxb6 44. Re7+ Rxe7 45. Bxe7 h6
46. Ke4 Nc4 47. Bb4 Kf7 48. Kd4 Nb6 49. Bc5 Na4 50. Bb4 Nb2 51. Kd5 Nd3 52. e6+
Ke8 53. Bc3 Nf2 54. h3 Nxh3 55. Ke5 Nf4 56. Kf5 Nd5 57. Bd4 Nf4 58. Bg7 Ke7 59.
Bd4 Kd6 60. Bg7 Nxe6 61. Bxh6 Ke7 62. Bxg5+ Kf7 63. Bf6 Nf8 64. g5 Ng6 65. Bd8
Nf8 66. Ba5 Kg7 67. Bc3+ Kf7 68. Bb4 Ng6 69. Bc5 Nh4+ 70. Kg4 Ng6 71. Kh5 Nf4+
72. Kh6 Ng6 73. Bd6 1/2-1/2

[Event "29. Torneo San Viator 2017"]
[Site "Madrid ESP"]
[Date "2017.09.17"]
[Round "1.17"]
[White "Sotoca Aguado, Jose"]
[Black "Soderstrom, Henrik"]
[Result "0-1"]
[WhiteElo "1885"]
[BlackElo "1684"]
[PlyCount "112"]
[EventDate "2017.09.17"]
[EventType "swiss"]
[EventRounds "9"]
[EventCountry "ESP"]
[SourceTitle "Ajedrez en Madrid"]
[Source "lmi"]
[SourceDate "2017.09.17"]

1. e4 d6 2. d4 Nf6 3. Nc3 Nbd7 4. Nf3 e5 5. Bc4 Be7 6. O-O c6 7. dxe5 dxe5 8.
Qe2 b5 9. Bb3 Qc7 10. Bg5 h6 11. Bh4 a5 12. Bxf6 Nxf6 13. a4 b4 14. Nd1 Bg4 15.
Ne3 g6 16. Nxg4 Nxg4 17. Rad1 O-O 18. Rd2 Kg7 19. Rfd1 Qb6 20. Kf1 Bc5 21. Rd7
Bxf2 22. R1d3 Bc5 23. h3 Nf6 24. Nxe5 Nh5 25. Qf3 Nf6 26. Rxf7+ Rxf7 27. Nxf7
Rf8 28. e5 Nd5 29. Bxd5 cxd5 30. Qf6+ Qxf6+ 31. exf6+ Kxf7 32. Rxd5 Rc8 33. Ke2
Rc6 34. Kf3 Rxf6+ 35. Ke4 Re6+ 36. Kf4 Bd6+ 37. Kf3 Bc7 38. Rd7+ Re7 39. Rd3
Bb6 40. c4 bxc3 41. bxc3 Bc5 42. g4 Kf6 43. c4 Re6 44. h4 g5 45. h5 Rd6 46. Rc3
Rd4 47. Rc2 Rf4+ 48. Kg3 Bd6 49. Kh3 Rf3+ 50. Kg2 Rg3+ 51. Kf2 Rxg4 52. c5 Rh4
53. Ke3 Bc7 54. Rf2+ Rf4 55. Rb2 Rc4 56. Rb5 Rxa4 0-1

[Event "29. Torneo San Viator 2017"]
[Site "Madrid ESP"]
[Date "2017.09.17"]
[Round "1.18"]
[White "Estevez Sacristan, Deva"]
[Black "Monreal Bejarano, Luis Miguel"]
[Result "0-1"]
[WhiteElo "1665"]
[BlackElo "1883"]
[PlyCount "92"]
[EventDate "2017.09.17"]
[EventType "swiss"]
[EventRounds "9"]
[EventCountry "ESP"]
[SourceTitle "Ajedrez en Madrid"]
[Source "lmi"]
[SourceDate "2017.09.17"]

1. e4 c5 2. Nf3 e6 3. d4 cxd4 4. Nxd4 a6 5. Nc3 b5 6. a3 Bb7 7. g3 Nf6 8. Bg2
b4 9. axb4 Bxb4 10. Qd3 Bxc3+ 11. bxc3 Qc7 12. Ba3 Nc6 13. Nxc6 Qxc6 14. f3 Rc8
15. Bb4 d5 16. e5 Nd7 17. f4 Nb6 18. O-O Nc4 19. f5 Qb6+ 20. Qd4 Qxd4+ 21. cxd4
Ne3 22. Rfc1 Nxf5 23. Bc5 Ne3 24. Rcb1 Bc6 25. Rxa6 Kd7 26. Rbb6 Nc4 27. Ra7+
Rc7 28. Rba6 Rb8 29. Rxc7+ Kxc7 30. Ra7+ Bb7 31. Bf1 Kc6 32. Bd3 Nxe5 33. dxe5
Kxc5 34. c3 h6 35. Ra5+ Kc6 36. c4 Ra8 37. cxd5+ exd5 38. Rxa8 Bxa8 39. Kf2 Kc5
40. h4 Kd4 41. e6 fxe6 42. Bg6 e5 43. g4 e4 44. Ke2 Ke5 45. g5 hxg5 46. hxg5
Kf4 0-1

[Event "29. Torneo San Viator 2017"]
[Site "Madrid ESP"]
[Date "2017.09.17"]
[Round "1.19"]
[White "Alonso Aranzabal, Iñigo"]
[Black "Gonzalez Jimenez, Gerardo"]
[Result "1-0"]
[WhiteElo "1880"]
[BlackElo "1655"]
[PlyCount "89"]
[EventDate "2017.09.17"]
[EventType "swiss"]
[EventRounds "9"]
[EventCountry "ESP"]
[SourceTitle "Ajedrez en Madrid"]
[Source "lmi"]
[SourceDate "2017.09.17"]

1. e4 e6 2. d4 d5 3. e5 c5 4. c3 Nc6 5. Nf3 Nge7 6. Na3 cxd4 7. cxd4 a6 8. Nc2
Nf5 9. Bd3 Be7 10. O-O O-O 11. Bd2 Bd7 12. b4 Qb6 13. a3 Rac8 14. Rc1 Na7 15.
g4 Nh4 16. Nxh4 Bxh4 17. g5 Bb5 18. Bxb5 Nxb5 19. Qg4 Rc4 20. Qxh4 Rxc2 21.
Rxc2 Nxd4 22. Rc3 Ne2+ 23. Kg2 Nxc3 24. Bxc3 Rc8 25. Qd4 Qb5 26. Bb2 Rc4 27.
Rc1 g6 28. Rxc4 dxc4 29. Qc5 Qd7 30. Qd6 Qc8 31. Bc3 Qe8 32. Bd4 Qc6+ 33. Qxc6
bxc6 34. Kf3 Kf8 35. Ke4 Ke7 36. Bc5+ Kd7 37. Kd4 c3 38. Kxc3 Kc7 39. Kc4 Kb7
40. a4 Kc8 41. Bf8 Kb8 42. Kc5 Kc7 43. a5 Kb7 44. Kd6 Kc8 45. Kxc6 1-0

[Event "29. Torneo San Viator 2017"]
[Site "Madrid ESP"]
[Date "2017.09.17"]
[Round "1.20"]
[White "Criado Jimenez, Jose"]
[Black "Campos Tores, Jose Luis"]
[Result "0-1"]
[WhiteElo "1617"]
[BlackElo "1879"]
[PlyCount "32"]
[EventDate "2017.09.17"]
[EventType "swiss"]
[EventRounds "9"]
[EventCountry "ESP"]
[SourceTitle "Ajedrez en Madrid"]
[Source "lmi"]
[SourceDate "2017.09.17"]

1. c3 d5 2. f4 g6 3. Nf3 Bg7 4. d4 Nf6 5. e3 Bg4 6. Qb3 Qc8 7. Nbd2 O-O 8. Bd3
c5 9. dxc5 Nbd7 10. Qa3 Nxc5 11. Bc2 Nfd7 12. h3 Bxf3 13. gxf3 Qc7 14. Nf1 Nb6
15. Qa5 Qc6 16. b3 Nxb3 0-1

[Event "29. Torneo San Viator 2017"]
[Site "Madrid ESP"]
[Date "2017.09.17"]
[Round "1.21"]
[White "Tarrio Ocaña, Jose Manuel"]
[Black "Tudela Garcia, Antonio"]
[Result "1-0"]
[WhiteElo "1869"]
[BlackElo "1593"]
[PlyCount "95"]
[EventDate "2017.09.17"]
[EventType "swiss"]
[EventRounds "9"]
[EventCountry "ESP"]
[SourceTitle "Ajedrez en Madrid"]
[Source "lmi"]
[SourceDate "2017.09.17"]

1. e4 e5 2. Bc4 Nc6 3. Nf3 Be7 4. O-O Nf6 5. d3 d6 6. c3 O-O 7. a4 Na5 8. Ba2
Bg4 9. Nbd2 Qd7 10. Re1 Be6 11. Bxe6 fxe6 12. b4 Nc6 13. Nc4 a6 14. a5 Na7 15.
Ne3 Nb5 16. Qb3 c6 17. Nf5 Nc7 18. Nxe7+ Qxe7 19. Be3 Nd7 20. Qd1 Qf7 21. c4
Rae8 22. Rc1 Qg6 23. Qe2 Rc8 24. h3 Qf6 25. Nh2 Qe7 26. Ng4 Na8 27. Qd2 h5 28.
Nh2 Qf7 29. Nf3 d5 30. Bc5 Nxc5 31. bxc5 Qf4 32. Qxf4 exf4 33. exd5 exd5 34.
cxd5 cxd5 35. Re5 Nc7 36. Rxh5 g6 37. Re5 Rfe8 38. d4 Rxe5 39. Nxe5 g5 40. Nf3
Ne6 41. Re1 Kf7 42. Re5 Rd8 43. Nxg5+ Nxg5 44. Rxg5 Kf6 45. Re5 Rd7 46. Kf1 Rd8
47. Ke2 Rd7 48. Kf3 1-0

[Event "29. Torneo San Viator 2017"]
[Site "Madrid ESP"]
[Date "2017.09.17"]
[Round "1.22"]
[White "Ochoa Gonzalez, Hugo"]
[Black "Camacho Casado, Demetrio"]
[Result "1/2-1/2"]
[WhiteElo "1557"]
[BlackElo "1869"]
[PlyCount "100"]
[EventDate "2017.09.17"]
[EventType "swiss"]
[EventRounds "9"]
[EventCountry "ESP"]
[SourceTitle "Ajedrez en Madrid"]
[Source "lmi"]
[SourceDate "2017.09.17"]

1. e4 c6 2. d4 d5 3. Nc3 dxe4 4. Nxe4 Nf6 5. Ng3 g6 6. c4 Bg7 7. Nf3 O-O 8. Bd3
Qd6 9. Bc2 Bg4 10. c5 Bxf3 11. cxd6 Bxd1 12. Bxd1 exd6 13. Bf4 d5 14. f3 Nbd7
15. Bc2 Rfe8+ 16. Kf2 Re6 17. a4 Rae8 18. Rhe1 Rxe1 19. Rxe1 Rxe1 20. Kxe1 Nf8
21. Bb8 a6 22. Bf4 Ne6 23. Be3 Kf8 24. b3 Ke7 25. Ne2 Nd7 26. Bf2 Bh6 27. g4
Bg7 28. h4 a5 29. Kd2 b6 30. Be3 c5 31. dxc5 Ndxc5 32. Bf2 d4 33. Nc1 Be5 34.
Nd3 Nxd3 35. Kxd3 Kd6 36. Kc4 Kc7 37. Be4 Nc5 38. Bd5 d3 39. Be3 Bg3 40. h5 Be1
41. f4 d2 42. Bf3 Ne4 43. Kd3 Nc5+ 44. Kc2 Kd6 45. Bd1 Kd5 46. Bf3+ Kd6 47.
hxg6 hxg6 48. Bd1 Kd5 49. Bf3+ Kd6 50. Bd1 Kd5 1/2-1/2

[Event "29. Torneo San Viator 2017"]
[Site "Madrid ESP"]
[Date "2017.09.24"]
[Round "2.1"]
[White "Quispe Arteaga, Gabriel"]
[Black "Gil Sierra, Jacinto"]
[Result "1-0"]
[WhiteElo "2197"]
[BlackElo "1920"]
[PlyCount "63"]
[EventDate "2017.09.17"]
[EventType "swiss"]
[EventRounds "9"]
[EventCountry "ESP"]
[SourceTitle "Ajedrez en Madrid"]
[Source "lmi"]
[SourceDate "2017.09.17"]

1. Nf3 d5 2. g3 c6 3. b3 Nf6 4. Bg2 g6 5. Bb2 Bg7 6. O-O O-O 7. d3 Re8 8. c4 e6
9. Nbd2 Nbd7 10. d4 b6 11. Qc2 Bb7 12. Rad1 Rc8 13. Qb1 Qc7 14. Rc1 Qb8 15. b4
c5 16. bxc5 bxc5 17. dxc5 Nxc5 18. Qa1 Nh5 19. Be5 Qa8 20. Bxg7 Nxg7 21. Ne5
Red8 22. cxd5 Bxd5 23. Bxd5 Qxd5 24. Rfd1 Qb7 25. Ng4 Nd7 26. Nc4 Nf5 27. Nce5
Nxe5 28. Qxe5 Rxd1+ 29. Rxd1 Qc7 30. Qxc7 Rxc7 31. e4 Ne7 32. Nf6+ 1-0

[Event "29. Torneo San Viator 2017"]
[Site "Madrid ESP"]
[Date "2017.09.24"]
[Round "2.2"]
[White "Garcia Sanjuan, Jose"]
[Black "Iagar, Razvan-Gabriel"]
[Result "1/2-1/2"]
[WhiteElo "1899"]
[BlackElo "2163"]
[PlyCount "68"]
[EventDate "2017.09.17"]
[EventType "swiss"]
[EventRounds "9"]
[EventCountry "ESP"]
[SourceTitle "Ajedrez en Madrid"]
[Source "lmi"]
[SourceDate "2017.09.17"]

1. Nf3 d5 2. b3 Nf6 3. Bb2 c6 4. g3 h6 5. Bg2 Bf5 6. d3 e6 7. Nbd2 Nbd7 8. Nh4
Bh7 9. e4 Nc5 10. e5 Nfd7 11. d4 Na6 12. a3 Be7 13. Nhf3 c5 14. c3 O-O 15. O-O
Nc7 16. Re1 a5 17. a4 cxd4 18. Nxd4 Nc5 19. Bf1 Nd3 20. Bxd3 Bxd3 21. Re3 Bh7
22. Qg4 Na6 23. Rd1 Qb6 24. c4 Rad8 25. cxd5 Rxd5 26. Nc4 Qd8 27. Kg2 Kh8 28.
Nd6 Nc5 29. Rf3 Bxd6 30. exd6 Rg5 31. Qh4 Be4 32. Kg1 Bxf3 33. Nxf3 Rg6 34. Qc4
Nd7 1/2-1/2